LDR 00945naa#a2200169#i#450# 001 RU\\bibl\19445 005 20260516123815.6 100 ## _a20260515b2026####ek#y0rusy0150####ca 102 ## _aRU 200 1# _aАГРОМЕТЕОРОЛОГИЧЕСКИЕ АСПЕКТЫ ФОРМИРОВАНИЯ УРОЖАЙНОСТИ ЛЮЦЕРНЫ В ЗАСУШЛИВОЙ ЗОНЕ ЮГА РОССИИ _eСтатья/тезисы конференции 210 1# _aВоронеж _cВоронежский государственный лесотехнический университет имени Г.Ф. Морозова _d2026 215 ## _a8 с. 608 ## _aСтатья/тезисы конференции _2local 675 ## _aПрочие кормовые травы. 633.26/.29 _aУсловия существования растений. 630.181 _z 700 #1 _aТурко _gС. Ю. 700 #1 _aРыбашлыкова _gЛюдмила Петровна 856 4# _abibl.vgltu.ru _u